25 Things We Learned in 2015 Quiz Stats

 Plays Quiz Updated Jan 19, 2016

Challenge
Share
Tweet
Embed
Score 0/25 Timer 05:00
1 Play Today
% Correct
dementia
91.2%
peaceful
90.7%
Gangnam Style
90.7%
happiness
90.1%
unboiled
89.4%
swallow
89.1%
text messages
85.7%
corpses
85.6%
bullets
84.4%
Tetris
84%
shark
82.3%
moles
78.3%
sunshine
77.2%
% Correct
carbohydrates
76.5%
something warm
76.1%
Mediterranean diet
76.1%
bacon
72.6%
bro
72.4%
Tom Cruise
70.9%
pipe
68.3%
dogs
67.1%
beavers
61.4%
honeybees
58.6%
Michael Jackson
48.5%
web page
43.3%

You're not logged in!

Compare scores with friends on all Sporcle quizzes.
Join for Free
OR
Log In

You Might Also Like...

Show Comments

Extras

Top Quizzes Today


Score Distribution

Your Account Isn't Verified!

In order to create a playlist on Sporcle, you need to verify the email address you used during registration. Go to your Sporcle Settings to finish the process.

Report this User

Report this user for behavior that violates our Community Guidelines.

Details: